Представление документа в формате RUSMARC

ПолеНазваниеЗначение
  Тип записи a
  Библиографический уровень a
001 Контрольный номер RU/CBS_UL/BASE/9ba3fc6900754e45b1a4973ef87d5791
005 Дата корректировки 20230209160037.7
100 Данные общей обработки __
a Данные общей обработки 20230209 ||| 0rusy0189 ca
101 Язык документа 0_
a Язык текста rus
102 Страна публикации __
a Страна публикации RU
200 Заглавие и сведения об ответственности 1_
a Заглавие Как стать самой неотразимой?!
e Сведения, относящиеся к заглавию [как развить харизму]
f Первые сведения об ответственности И. Савенкова
300 Общие примечания __
a Общие примечания 12+
461 Уровень набора _0
1 2000
a Классная девчонка
463 Уровень физической единицы _0
1 2000
a № 1
v С. 12
1 2101
d 2023
1 001RU/CBS_UL/BASE/3e0be5f9bfb443579846729e6c43cd33
606 Тематические рубрики 0_
a Основная рубрика Подростки - Рост и развитие
610 Ключевые слова 0_
a Ключевые слова подростки
610 Ключевые слова 0_
a Ключевые слова харизма
610 Ключевые слова 0_
a Ключевые слова харизматичные люди
610 Ключевые слова 0_
a Ключевые слова эмпатия
610 Ключевые слова 0_
a Ключевые слова социальный интеллект
610 Ключевые слова 0_
a Ключевые слова общение подростков
610 Ключевые слова 0_
a Ключевые слова развитие личности
686 Индексы других классификаций __
a Классификационный индекс 88.415
2 Код системы ББК
700 Автор _1
a Фамилия Савенкова
b Имя (инициалы) И.
801 Источник записи _0
a Страна RU
b Организация МБУК ЦБС г. Ульяновска
c Дата составления 20230209
g Правила каталогизации RCR
801 Источник записи _1
a Страна RU
b Организация МБУК ЦБС г. Ульяновска
c Дата составления 20230209
g Правила каталогизации RCR
901 Тип документа __
t Тип документа b
w Контрольный № источника RU/CBS_UL/BASE/3e0be5f9bfb443579846729e6c43cd33